000 00963nam a22002417a 4500
005 20170703155333.0
008 170703b xxu||||| |||| 00| 0 eng d
020 _a978-2-7598-0082-7
040 _aBUAC
_cBUC
100 _aBrisset, François
245 _aMicroscopie électronique à balayage et microanalyses
_c/ par François Brisset ; collab. Monique Repoux, Jacky Ruste, François Grillon et Florence Robaut ; GROUPEMENT NATIONAL DE MICROSCOPIE ELECTRONIQUE A BALAYAGE ET DE MICROANALYSES
260 _aParis :
_bEDP Sciences,
_c2008
300 _aXXXVI-892
_bcouv. ill. en coul. ;
_c25 cm
500 _aIndex pp. 881-892
650 _aMicroscope électronique
650 _aOptique : électronique
_925910
700 _aRepoux, Monique
700 _aRuste, Jacky
700 _aGrillon, François
700 _aRobaut, Florence
710 _aGROUPEMENT NATIONAL DE MICROSCOPIE ELECTRONIQUE A BALAYAGE ET DE MICROANALYSES
942 _cLBA
999 _c56427
_d56427